|
|
|
|
| LEADER |
00000nab a2200000 a 4500 |
| 001 |
vtls000313861 |
| 003 |
SK-MaSNL |
| 005 |
20260304001114.0 |
| 008 |
111201c1978 xo 0 slo |
| 015 |
|
|
|a SNBRB19rr/mm-uuuuu
|
| 035 |
|
|
|a CL0003953
|
| 040 |
|
|
|a SNKBUCL
|b slo
|c SNKBUCL
|e AACR2
|
| 041 |
0 |
|
|a slo
|
| 044 |
|
|
|a xo
|c SK
|
| 080 |
|
|
|a 03
|2 1981
|
| 100 |
1 |
|
|a Filkorn, Vojtech,
|d 1922-2009
|4 aut
|9 160580
|
| 245 |
1 |
0 |
|a Dielo základného významu
|b Hovoríme s akademikom Vojtechom Filkoruom
|c Vojtech Filkorn, Luboš Jurík
|
| 300 |
|
|
|b Obr. 1.
|
| 650 |
0 |
7 |
|a SSR
|2 snkbucl
|9 926679
|
| 650 |
0 |
7 |
|a encyklopédia
|2 snkbucl
|9 356286
|
| 655 |
|
7 |
|a články z novín a časopisov
|2 snkbucl
|9 267496
|
| 700 |
1 |
|
|a Jurík, Ľuboš,
|d 1947-2021
|4 aut
|9 98669
|
| 773 |
0 |
|
|t Nové slovo
|g Roč. 20, č. 6 (9. 2. 1978), s. 16
|
| 787 |
0 |
8 |
|i Rec.:
|t Encyklopédia Slovenska
|d Bratislava : Veda
|
| 850 |
|
|
|a Slovenská národná knižnica v Martine
|a MTA001
|
| 852 |
|
|
|a SNK
|b KIS3GCP
|
| 958 |
|
|
|a RK
|
| 992 |
|
|
|a RBX
|
| 999 |
|
|
|c 2534677
|d 2536607
|